[Event "The Blackthorne Irish Championship 2019"]
[Site "Talbot Stillorgan Hotel, Dublin, Ireland"]
[Date "2019.08.05"]
[Round "3"]
[Board "18"]
[White "Byrne, Alex"]
[Black "Cafolla, Peter"]
[Result "1-0"]
[WhiteElo "1963"]
[BlackElo "1975"]
[PlyCount "0"]
[EventDate "2019.08.03"]
[EventRounds "9"]
[EventCountry "IRL"]

1. e4 {[%clk 01:44:57]} {[%emt 19:44:55]} c5 {[%clk 01:39:43]} {[%emt
00:00:33]} 2. a3 {[%clk 01:45:18]} {[%emt 00:00:09]} g6 {[%clk 01:39:09]}
{[%emt 00:01:04]} 3. b4 {[%clk 01:45:10]} {[%emt 00:00:38]} Bg7 {[%clk
01:39:32]} {[%emt 00:00:08]} 4. Nc3 {[%clk 01:44:54]} {[%emt 00:00:46]} cxb4
{[%clk 01:39:41]} {[%emt 00:00:21]} 5. axb4 {[%clk 01:45:22]} {[%emt 00:00:02]}
Nc6 {[%clk 01:39:09]} {[%emt 00:01:02]} 6. b5 {[%clk 01:44:20]} {[%emt
00:01:31]} Nd4 {[%clk 01:39:31]} {[%emt 00:00:08]} 7. Nf3 {[%clk 01:44:21]}
{[%emt 00:00:29]} e6 {[%clk 01:36:44]} {[%emt 00:03:17]} 8. Nxd4 {[%clk
01:39:55]} {[%emt 00:04:57]} Bxd4 {[%clk 01:37:05]} {[%emt 00:00:08]} 9. Bb2
{[%clk 01:37:18]} {[%emt 00:03:07]} Qf6 {[%clk 01:30:41]} {[%emt 00:06:55]} 10.
Qe2 {[%clk 01:36:40]} {[%emt 00:01:08]} Ne7 {[%clk 01:30:34]} {[%emt 00:00:37]}
11. Ra4 {[%clk 01:27:10]} {[%emt 00:10:00]} e5 {[%clk 01:28:25]} {[%emt
00:02:40]} 12. g3 {[%clk 01:19:13]} {[%emt 00:08:25]} O-O {[%clk 01:28:18]}
{[%emt 00:00:37]} 13. Bg2 {[%clk 01:15:36]} {[%emt 00:04:07]} d6 {[%clk
01:27:53]} {[%emt 00:00:55]} 14. O-O {[%clk 01:04:39]} {[%emt 00:11:27]} Bd7
{[%clk 01:22:40]} {[%emt 00:05:44]} 15. Ra3 {[%clk 00:47:40]} {[%emt 00:17:29]}
Rac8 {[%clk 01:19:16]} {[%emt 00:03:53]} 16. Rb1 {[%clk 00:37:33]} {[%emt
00:10:37]} h5 {[%clk 01:08:59]} {[%emt 00:10:47]} 17. d3 {[%clk 00:29:36]}
{[%emt 00:08:27]} Rc7 {[%clk 01:00:37]} {[%emt 00:08:52]} 18. Na4 {[%clk
00:23:00]} {[%emt 00:07:06]} Bxb5 {[%clk 00:41:54]} {[%emt 00:19:13]} 19. Bxd4
{[%clk 00:22:59]} {[%emt 00:00:30]} Bxa4 {[%clk 00:39:52]} {[%emt 00:02:33]} 20.
Bxe5 {[%clk 00:22:07]} {[%emt 00:01:21]} dxe5 {[%clk 00:39:12]} {[%emt
00:01:10]} 21. Rxa4 {[%clk 00:22:36]} {[%emt 00:00:02]} Rfc8 {[%clk 00:39:01]}
{[%emt 00:00:40]} 22. Rb2 {[%clk 00:20:28]} {[%emt 00:02:40]} Qg5 {[%clk
00:38:04]} {[%emt 00:01:25]} 23. Qd1 {[%clk 00:17:21]} {[%emt 00:03:37]} Nc6
{[%clk 00:32:33]} {[%emt 00:06:02]} 24. c3 {[%clk 00:16:32]} {[%emt 00:01:19]}
b5 {[%clk 00:30:04]} {[%emt 00:02:59]} 25. Ra1 {[%clk 00:13:29]} {[%emt
00:03:33]} b4 {[%clk 00:29:29]} {[%emt 00:01:05]} 26. cxb4 {[%clk 00:08:49]}
{[%emt 00:05:10]} Nd4 {[%clk 00:27:01]} {[%emt 00:02:57]} 27. h4 {[%clk
00:09:04]} {[%emt 00:00:15]} Qe7 {[%clk 00:27:05]} {[%emt 00:00:26]} 28. Bh3
{[%clk 00:08:49]} {[%emt 00:00:45]} Rc1 {[%clk 00:26:31]} {[%emt 00:01:03]} 29.
Rxc1 {[%clk 00:09:00]}  1-0

[Event "The Blackthorne Irish Championship 2019"]
[Site "Talbot Stillorgan Hotel, Dublin, Ireland"]
[Date "2019.08.06"]
[Round "4"]
[Board "3"]
[White "Moran, Stephen"]
[Black "Murphy, Conor E."]
[Result "1-0"]
[WhiteElo "2186"]
[BlackElo "2315"]
[PlyCount "0"]
[EventDate "2019.08.03"]
[EventRounds "9"]
[EventCountry "IRL"]

1. d4 {[%clk 01:45:58]} {[%emt 00:00:02]} Nf6 {[%clk 01:45:46]} {[%emt
00:00:13]} 2. Bg5 {[%clk 01:46:13]} {[%emt 00:00:15]} d5 {[%clk 01:46:07]}
{[%emt 00:00:09]} 3. Bxf6 {[%clk 01:46:13]} {[%emt 00:00:30]} gxf6 {[%clk
01:46:15]} {[%emt 00:00:20]} 4. e3 {[%clk 01:45:30]} {[%emt 00:01:14]} c5
{[%clk 01:46:14]} {[%emt 00:00:31]} 5. dxc5 {[%clk 01:44:45]} {[%emt 00:01:16]}
Nc6 {[%clk 01:46:05]} {[%emt 00:00:38]} 6. Nd2 {[%clk 01:44:37]} {[%emt
00:00:38]} e6 {[%clk 01:40:27]} {[%emt 00:06:07]} 7. Ngf3 {[%clk 01:37:46]}
{[%emt 00:07:21]} Bxc5 {[%clk 01:38:09]} {[%emt 00:02:48]} 8. Be2 {[%clk
01:33:42]} {[%emt 00:04:34]} Rg8 {[%clk 01:34:21]} {[%emt 00:04:18]} 9. O-O
{[%clk 01:29:17]} {[%emt 00:04:55]} e5 {[%clk 01:21:34]} {[%emt 00:13:17]} 10.
Kh1 {[%clk 01:16:35]} {[%emt 00:13:12]} f5 {[%clk 01:08:03]} {[%emt 00:14:01]}
11. Bb5 {[%clk 00:46:24]} {[%emt 00:30:41]} e4 {[%clk 00:55:26]} {[%emt
00:13:06]} 12. Ne5 {[%clk 00:32:15]} {[%emt 00:14:39]} Qb6 {[%clk 00:37:03]}
{[%emt 00:18:52]} 13. c4 {[%clk 00:21:51]} {[%emt 00:10:55]} Bd6 {[%clk
00:28:05]} {[%emt 00:09:28]} 14. Nxc6 {[%clk 00:17:37]} {[%emt 00:04:44]} bxc6
{[%clk 00:28:07]} {[%emt 00:00:28]} 15. Ba4 {[%clk 00:17:42]} {[%emt 00:00:26]}
Ke7 {[%clk 00:22:19]} {[%emt 00:06:18]} 16. Rc1 {[%clk 00:12:52]} {[%emt
00:05:20]} Ba6 {[%clk 00:19:26]} {[%emt 00:03:22]} 17. Bb3 {[%clk 00:04:44]}
{[%emt 00:08:38]} Rg6 {[%clk 00:16:30]} {[%emt 00:03:26]} 18. Qh5 {[%clk
00:03:56]} {[%emt 00:01:17]} Rag8 {[%clk 00:16:33]} {[%emt 00:00:28]} 19. Rg1
{[%clk 00:03:33]} {[%emt 00:00:52]} Qa5 {[%clk 00:11:35]} {[%emt 00:05:29]} 20.
Rcd1 {[%clk 00:02:57]} {[%emt 00:01:06]} d4 {[%clk 00:11:44]} {[%emt 00:00:21]}
21. Nxe4 {[%clk 00:02:31]} {[%emt 00:00:57]} Bxh2 {[%clk 00:07:08]} {[%emt
00:05:06]} 22. Qxh2 {[%clk 00:01:20]} {[%emt 00:01:40]} fxe4 {[%emt 00:00:24]}
23. Rxd4 {[%clk 00:01:25]} {[%emt 00:00:24]} Qf5 {[%clk 00:03:05]} {[%emt
00:04:40]} 24. Qh4+ {[%clk 00:00:51]} {[%emt 00:01:05]} Kf8 {[%clk 00:02:03]}
{[%emt 00:01:32]} 25. Rd8+ {[%clk 00:01:17]} {[%emt 00:00:03]} Kg7 {[%clk
00:02:31]} {[%emt 00:00:03]} 26. Rxg8+ {[%clk 00:01:43]} {[%emt 00:00:04]} Kxg8
{[%clk 00:02:57]} {[%emt 00:00:03]} 27. Rf1 {[%clk 00:00:43]} {[%emt 00:01:30]}
Kg7 {[%clk 00:01:44]} {[%emt 00:01:44]} 28. Kg1 {[%clk 00:00:49]} {[%emt
00:00:24]} c5 {[%clk 00:00:42]} {[%emt 00:01:31]} 29. Bc2 {[%clk 00:00:36]}
{[%emt 00:00:44]} Qf3 {[%clk 00:00:32]} {[%emt 00:00:40]} 30. Bxe4 {[%clk
00:00:42]} {[%emt 00:00:24]} Rxg2+ {[%clk 00:00:41]} {[%emt 00:00:20]} 31. Kh1
{[%clk 00:01:09]} {[%emt 00:00:03]} Rg4+ {[%clk 00:00:55]} {[%emt 00:00:16]} 32.
Bxf3 {[%clk 00:01:35]} {[%emt 00:00:05]} Rxh4+ {[%clk 00:01:23]} {[%emt
00:00:02]} 33. Kg2 {[%clk 00:01:58]} {[%emt 00:00:07]} Rxc4 {[%clk 00:01:06]}
{[%emt 00:00:47]} 34. Be2 {[%clk 00:01:18]} {[%emt 00:01:09]} Ra4 {[%clk
00:01:30]} {[%emt 00:00:06]} 35. Bxa6 {[%clk 00:01:37]} {[%emt 00:00:11]} Rxa6
{[%clk 00:01:59]} {[%emt 00:00:01]} 36. a3 {[%clk 00:01:37]} {[%emt 00:00:30]}
c4 {[%clk 00:00:36]} {[%emt 00:01:53]} 37. Rc1 {[%clk 00:01:39]} {[%emt
00:00:29]} Rc6 {[%clk 00:00:39]} {[%emt 00:00:26]} 38. f4 {[%clk 00:01:26]}
{[%emt 00:00:42]} Rb6 {[%clk 00:00:39]} {[%emt 00:00:31]} 39. Rc2 {[%clk
00:01:03]} {[%emt 00:00:54]} Rb3 {[%clk 00:01:01]} {[%emt 00:00:07]} 40. Kf3
{[%clk 00:01:09]} {[%emt 00:00:24]} h5 {[%clk 00:00:36]} {[%emt 00:00:55]} 41.
Rxc4 {[%clk 00:26:53]} {[%emt 00:04:47]} Rxb2 {[%clk 00:27:02]} {[%emt
00:04:03]} 42. Ra4 {[%clk 00:25:07]} {[%emt 00:02:16]} Rb6 {[%clk 00:13:32]}
{[%emt 00:14:00]} 43. Rxa7 {[%emt 00:06:31]} Rg6 {[%clk 00:13:39]} {[%emt
00:00:22]} 44. Ra5 {[%clk 00:16:21]} {[%emt 00:03:16]} Kh6 {[%clk 00:13:54]}
{[%emt 00:00:15]} 45. a4 {[%clk 00:10:34]} {[%emt 00:06:16]} Rg1 {[%clk
00:08:40]} {[%emt 00:05:44]} 46. Kf2 {[%clk 00:05:43]} {[%emt 00:05:21]} Ra1
{[%clk 00:08:54]} {[%emt 00:00:16]} 47. Ra6+ {[%clk 00:05:46]} {[%emt
00:00:28]} Kg7 {[%clk 00:09:20]} {[%emt 00:00:03]} 48. Kg3 {[%clk 00:05:19]}
{[%emt 00:00:57]} Ra3 {[%clk 00:08:49]} {[%emt 00:01:02]} 49. Kh4 {[%clk
00:05:20]} {[%emt 00:00:28]} Rxe3 {[%clk 00:09:02]} {[%emt 00:00:18]} 50. Kxh5
{[%clk 00:05:43]} {[%emt 00:00:07]} Re1 {[%clk 00:08:05]} {[%emt 00:01:27]} 51.
Kg5 {[%clk 00:06:01]} {[%emt 00:00:11]} Rg1+ {[%clk 00:08:10]} {[%emt
00:00:26]} 52. Kf5 {[%clk 00:06:24]} {[%emt 00:00:08]} Ra1 {[%clk 00:07:49]}
{[%emt 00:00:50]} 53. a5 {[%clk 00:06:19]} {[%emt 00:00:36]} Ra2 {[%clk
00:07:25]} {[%emt 00:00:54]} 54. Ra8 {[%clk 00:06:44]} {[%emt 00:00:04]} Ra1
{[%clk 00:07:22]} {[%emt 00:00:34]} 55. Ke5 {[%clk 00:04:21]} {[%emt 00:02:54]}
Re1+ {[%clk 00:07:19]} {[%emt 00:00:33]} 56. Kf5 {[%clk 00:04:04]} {[%emt
00:00:46]} Ra1 {[%clk 00:07:45]} {[%emt 00:00:04]} 57. Ra7 {[%clk 00:03:26]}
{[%emt 00:01:08]} Ra2 {[%clk 00:07:45]} {[%emt 00:00:29]} 58. Ke5 {[%clk
00:03:17]} {[%emt 00:00:39]} Re2+ {[%clk 00:07:46]} {[%emt 00:00:29]} 59. Kd5
{[%clk 00:03:30]} {[%emt 00:00:17]} Rf2 {[%clk 00:06:21]} {[%emt 00:01:55]} 60.
Rc7 {[%clk 00:02:51]} {[%emt 00:01:10]} Rxf4 {[%clk 00:04:24]} {[%emt
00:02:26]} 61. a6 {[%clk 00:03:16]} {[%emt 00:00:05]} Ra4 {[%clk 00:04:45]}
{[%emt 00:00:09]} 62. a7 {[%clk 00:03:42]} {[%emt 00:00:05]} Kg6 {[%clk
00:04:26]} {[%emt 00:00:49]} 63. Kc6 {[%clk 00:03:54]} {[%emt 00:00:17]} f6
{[%clk 00:03:03]} {[%emt 00:01:53]} 64. Kb6 {[%clk 00:02:56]} {[%emt 00:01:28]}
Ra1 {[%clk 00:01:34]} {[%emt 00:01:58]} 65. Rc8 {[%clk 00:01:55]} {[%emt
00:01:31]} Rxa7 {[%clk 00:00:59]} {[%emt 00:01:06]} 66. Kxa7 {[%clk 00:02:22]}
{[%emt 00:00:03]} Kf5 {[%clk 00:01:19]} {[%emt 00:00:10]} 67. Kb6 {[%clk
00:02:44]} {[%emt 00:00:08]} Ke4 {[%clk 00:01:40]} {[%emt 00:00:09]} 68. Re8+
{[%clk 00:02:59]} {[%emt 00:00:15]} Kd4 {[%clk 00:01:51]} {[%emt 00:00:19]} 69.
Rf8 {[%clk 00:03:24]} {[%emt 00:00:06]} Ke5 {[%clk 00:02:18]} {[%emt 00:00:03]}
70. Kc5 {[%clk 00:03:47]} {[%emt 00:00:06]} f5 {[%clk 00:02:44]} {[%emt
00:00:03]} 71. Kc4 {[%clk 00:03:20]} {[%emt 00:00:57]} Ke4 {[%clk 00:03:09]}
{[%emt 00:00:05]} 72. Kc3 {[%clk 00:03:31]} {[%emt 00:00:20]} f4 {[%clk
00:03:20]} {[%emt 00:00:18]} 73. Kd2 {[%clk 00:03:48]} {[%emt 00:00:13]} Kf3
{[%clk 00:03:45]} {[%emt 00:00:06]} 74. Ke1 {[%clk 00:04:04]} {[%emt 00:00:13]}
 1-0

[Event "The Blackthorne Irish Championship 2019"]
[Site "Talbot Stillorgan Hotel, Dublin, Ireland"]
[Date "2019.08.06"]
[Round "4"]
[Board "6"]
[White "Quinn, Mark"]
[Black "Kanyamarala, Trisha"]
[Result "0-1"]
[WhiteElo "2383"]
[BlackElo "2238"]
[PlyCount "0"]
[EventDate "2019.08.03"]
[EventRounds "9"]
[EventCountry "IRL"]

1. g3 {[%clk 01:27:45]} {[%emt 00:18:15]} d5 {[%clk 01:45:40]} {[%emt
00:00:19]} 2. Bg2 {[%clk 01:28:10]} {[%emt 00:00:06]} Nf6 {[%clk 01:45:52]}
{[%emt 00:00:18]} 3. d3 {[%clk 01:28:22]} {[%emt 00:00:17]} e6 {[%clk
01:44:52]} {[%emt 00:01:31]} 4. Nd2 {[%clk 01:28:07]} {[%emt 00:00:45]} c5
{[%clk 01:44:00]} {[%emt 00:01:22]} 5. Ngf3 {[%clk 01:27:45]} {[%emt 00:00:53]}
Nc6 {[%clk 01:43:17]} {[%emt 00:01:12]} 6. e4 {[%clk 01:27:09]} {[%emt
00:01:06]} Be7 {[%clk 01:37:40]} {[%emt 00:06:07]} 7. O-O {[%clk 01:27:25]}
{[%emt 00:00:15]} O-O {[%clk 01:37:22]} {[%emt 00:00:47]} 8. Re1 {[%clk
01:27:07]} {[%emt 00:00:48]} Qc7 {[%clk 01:36:25]} {[%emt 00:01:27]} 9. e5
{[%clk 01:23:11]} {[%emt 00:04:27]} Nd7 {[%clk 01:36:27]} {[%emt 00:00:27]} 10.
Qe2 {[%clk 01:23:33]} {[%emt 00:00:08]} b5 {[%clk 01:34:58]} {[%emt 00:02:00]}
11. h4 {[%clk 01:21:22]} {[%emt 00:02:42]} a5 {[%clk 01:32:09]} {[%emt
00:03:18]} 12. Nf1 {[%clk 01:21:27]} {[%emt 00:00:25]} b4 {[%clk 01:25:07]}
{[%emt 00:07:30]} 13. Bf4 {[%clk 01:14:11]} {[%emt 00:07:48]} Ba6 {[%clk
01:21:45]} {[%emt 00:03:52]} 14. N1h2 {[%clk 01:10:23]} {[%emt 00:04:18]} c4
{[%clk 01:10:05]} {[%emt 00:12:09]} 15. h5 {[%clk 00:55:30]} {[%emt 00:15:24]}
b3 {[%clk 01:03:50]} {[%emt 00:06:45]} 16. Ng4 {[%clk 00:43:28]} {[%emt
00:12:32]} bxc2 {[%clk 00:55:33]} {[%emt 00:08:47]} 17. Nf6+ {[%clk 00:37:53]}
{[%emt 00:06:05]} Kh8 {[%clk 00:35:33]} {[%emt 00:20:30]} 18. Nxd5 {[%clk
00:15:16]} {[%emt 00:23:06]} exd5 {[%clk 00:35:30]} {[%emt 00:00:32]} 19. e6
{[%clk 00:14:42]} {[%emt 00:01:05]} Qb6 {[%clk 00:30:09]} {[%emt 00:05:51]} 20.
dxc4 {[%clk 00:09:09]} {[%emt 00:06:03]} Bxc4 {[%clk 00:26:38]} {[%emt
00:04:01]} 21. Qxc2 {[%clk 00:08:05]} {[%emt 00:01:35]} fxe6 {[%clk 00:24:46]}
{[%emt 00:02:22]} 22. b3 {[%clk 00:07:34]} {[%emt 00:01:00]} Ba6 {[%clk
00:22:56]} {[%emt 00:02:14]} 23. h6 {[%clk 00:06:55]} {[%emt 00:01:16]} g6
{[%clk 00:21:59]} {[%emt 00:01:27]} 24. Rac1 {[%clk 00:06:08]} {[%emt
00:01:17]} Nb4 {[%clk 00:12:33]} {[%emt 00:09:55]} 25. Qc7 {[%clk 00:05:12]}
{[%emt 00:01:26]} Qxc7 {[%clk 00:10:22]} {[%emt 00:02:41]} 26. Rxc7 {[%clk
00:05:37]} {[%emt 00:00:05]} Bc8 {[%clk 00:09:04]} {[%emt 00:01:48]} 27. Rxe6
{[%clk 00:05:29]} {[%emt 00:00:38]} Bd8 {[%clk 00:08:55]} {[%emt 00:00:39]} 28.
Rc1 {[%clk 00:05:31]} {[%emt 00:00:28]} Nd3 {[%clk 00:08:43]} {[%emt 00:00:42]}
29. Rxc8 {[%clk 00:04:27]} {[%emt 00:01:34]} Rxc8 {[%clk 00:08:50]} {[%emt
00:00:23]} 30. Bd6 {[%clk 00:04:54]} {[%emt 00:00:04]} N3c5 {[%clk 00:04:44]}
{[%emt 00:04:36]} 31. Re2 {[%clk 00:03:52]} {[%emt 00:01:32]} Bf6 {[%clk
00:04:39]} {[%emt 00:00:35]} 32. Bxf8 {[%clk 00:03:34]} {[%emt 00:00:48]} Rxf8
{[%clk 00:05:00]} {[%emt 00:00:09]} 33. Rd2 {[%clk 00:03:18]} {[%emt 00:00:46]}
Nb6 {[%clk 00:05:02]} {[%emt 00:00:28]} 34. Rc2 {[%clk 00:03:39]} {[%emt
00:00:10]} Ncd7 {[%clk 00:05:03]} {[%emt 00:00:28]} 35. Bh3 {[%clk 00:03:47]}
{[%emt 00:00:22]} Ne5 {[%clk 00:04:03]} {[%emt 00:01:30]} 36. Ne1 {[%clk
00:02:48]} {[%emt 00:01:29]} d4 {[%clk 00:04:05]} {[%emt 00:00:27]} 37. f4
{[%clk 00:03:02]} {[%emt 00:00:15]} Ned7 {[%clk 00:02:47]} {[%emt 00:01:48]} 38.
Nd3 {[%clk 00:02:31]} {[%emt 00:01:01]} Re8 {[%clk 00:02:32]} {[%emt 00:00:45]}
39. Kf2 {[%clk 00:02:27]} {[%emt 00:00:34]} Kg8 {[%clk 00:02:27]} {[%emt
00:00:35]} 40. Rc7 {[%clk 00:02:31]} {[%emt 00:00:26]} Nf8 {[%clk 00:02:12]}
{[%emt 00:00:45]} 41. Rc6 {[%clk 00:01:59]} {[%emt 00:01:02]} Nbd7 {[%clk
00:01:57]} {[%emt 00:00:47]} 42. Rd6 {[%clk 00:24:14]} {[%emt 00:08:14]} Re7
{[%clk 00:31:41]} {[%emt 00:00:46]} 43. Bg2 {[%clk 00:22:27]} {[%emt 00:02:17]}
Kf7 {[%clk 00:30:27]} {[%emt 00:01:44]} 44. Bd5+ {[%clk 00:19:47]} {[%emt
00:03:10]} Ke8 {[%clk 00:30:34]} {[%emt 00:00:23]} 45. Ra6 {[%clk 00:19:56]}
{[%emt 00:00:21]} Re3 {[%clk 00:29:58]} {[%emt 00:01:06]} 46. Ne1 {[%clk
00:19:32]} {[%emt 00:00:55]} Bd8 {[%clk 00:28:47]} {[%emt 00:01:41]} 47. Bc4
{[%clk 00:10:18]} {[%emt 00:09:43]} Nc5 {[%clk 00:27:54]} {[%emt 00:01:23]} 48.
Bb5+ {[%clk 00:10:27]} {[%emt 00:00:22]} Ke7 {[%clk 00:28:00]} {[%emt
00:00:23]} 49. Ra7+ {[%clk 00:10:46]} {[%emt 00:00:11]} Kf6 {[%clk 00:26:47]}
{[%emt 00:01:43]} 50. Nf3 {[%clk 00:10:27]} {[%emt 00:00:49]} Bb6 {[%clk
00:26:01]} {[%emt 00:01:17]} 51. Ra8 {[%clk 00:08:50]} {[%emt 00:02:07]} Ne4+
{[%clk 00:25:23]} {[%emt 00:01:09]} 52. Kg2 {[%clk 00:09:05]} {[%emt 00:00:15]}
Ne6 {[%clk 00:24:57]} {[%emt 00:00:55]} 53. Ra6 {[%clk 00:07:06]} {[%emt
00:02:29]} Bc7 {[%clk 00:22:09]} {[%emt 00:03:18]} 54. Nxd4 {[%clk 00:04:23]}
{[%emt 00:03:13]} N4c5 {[%clk 00:19:54]} {[%emt 00:02:45]} 55. Rc6 {[%clk
00:03:58]} {[%emt 00:00:54]} Ke7 {[%clk 00:19:48]} {[%emt 00:00:36]} 56. Nxe6
{[%clk 00:03:11]} {[%emt 00:01:18]} Nxe6 {[%clk 00:20:12]} {[%emt 00:00:06]} 57.
Bc4 {[%clk 00:03:06]} {[%emt 00:00:34]} Bd6 {[%clk 00:20:00]} {[%emt 00:00:42]}
58. Ra6 {[%clk 00:03:27]} {[%emt 00:00:09]} Nc7 {[%clk 00:13:38]} {[%emt
00:06:52]} 59. Rxa5 {[%clk 00:03:32]} {[%emt 00:00:25]} Kd7 {[%clk 00:13:38]}
{[%emt 00:00:30]} 60. Bg8 {[%clk 00:03:23]} {[%emt 00:00:39]} Re7 {[%clk
00:13:15]} {[%emt 00:00:53]} 61. Kf3 {[%clk 00:03:30]} {[%emt 00:00:23]} Ne8
{[%clk 00:12:54]} {[%emt 00:00:51]} 62. Bc4 {[%clk 00:02:48]} {[%emt 00:01:12]}
Nf6 {[%clk 00:12:25]} {[%emt 00:01:00]} 63. Bd3 {[%clk 00:02:35]} {[%emt
00:00:42]} Bc7 {[%clk 00:12:03]} {[%emt 00:00:52]} 64. Ra8 {[%clk 00:02:31]}
{[%emt 00:00:34]} Bb6 {[%clk 00:12:16]} {[%emt 00:00:18]} 65. Bb5+ {[%clk
00:02:52]} {[%emt 00:00:08]} Kd6 {[%clk 00:12:04]} {[%emt 00:00:43]} 66. Rf8
{[%clk 00:02:32]} {[%emt 00:00:50]} Re3+ {[%clk 00:12:23]} {[%emt 00:00:10]} 67.
Kg2 {[%clk 00:02:58]} {[%emt 00:00:04]} Ne4 {[%clk 00:11:54]} {[%emt 00:00:59]}
68. Rf7 {[%clk 00:02:20]} {[%emt 00:01:08]} Rxg3+ {[%clk 00:12:16]} {[%emt
00:00:08]} 69. Kf1 {[%clk 00:02:43]} {[%emt 00:00:07]} Rg1+ {[%clk 00:09:11]}
{[%emt 00:03:36]} 70. Ke2 {[%clk 00:03:10]} {[%emt 00:00:03]} Nc3+ {[%clk
00:09:29]} {[%emt 00:00:11]} 71. Kd3 {[%clk 00:03:38]} {[%emt 00:00:02]} Nxb5
{[%clk 00:09:40]} {[%emt 00:00:20]} 72. Rxh7 {[%clk 00:03:28]} {[%emt
00:00:40]} Kd5 {[%clk 00:09:11]} {[%emt 00:00:59]} 73. Rd7+ {[%clk 00:03:02]}
{[%emt 00:00:56]} Nd6 {[%clk 00:09:28]} {[%emt 00:00:13]} 74. h7 {[%clk
00:03:27]} {[%emt 00:00:06]} Rg3+ {[%clk 00:09:37]} {[%emt 00:00:22]} 75. Ke2
{[%clk 00:03:32]} {[%emt 00:00:20]} Rh3 {[%clk 00:09:29]} {[%emt 00:00:42]} 76.
Rg7 {[%clk 00:03:44]} {[%emt 00:00:18]} Bd4 {[%clk 00:08:34]} {[%emt 00:01:24]}
77. Rxg6 {[%clk 00:04:08]} {[%emt 00:00:06]} Rxh7 {[%clk 00:08:59]} {[%emt
00:00:05]} 78. Kf3 {[%clk 00:04:26]} {[%emt 00:00:13]} Ra7 {[%clk 00:08:09]}
{[%emt 00:01:19]} 79. Rg5+ {[%clk 00:04:44]} {[%emt 00:00:13]} Ke6 {[%clk
00:08:29]} {[%emt 00:00:10]} 80. f5+ {[%clk 00:04:16]} {[%emt 00:00:59]} Ke5
{[%clk 00:06:49]} {[%emt 00:02:09]} 81. f6+ {[%clk 00:03:25]} {[%emt 00:01:21]}
Kxf6 {[%clk 00:07:06]} {[%emt 00:00:14]} 82. Rd5 {[%clk 00:03:51]} {[%emt
00:00:03]} Be5 {[%clk 00:07:32]} {[%emt 00:00:04]} 83. Rd2 {[%clk 00:03:39]}
{[%emt 00:00:41]} Ke6 {[%clk 00:07:30]} {[%emt 00:00:33]} 84. Ke3 {[%clk
00:03:57]} {[%emt 00:00:12]} Rf7 {[%clk 00:07:38]} {[%emt 00:00:22]} 85. Rg2
{[%clk 00:04:07]} {[%emt 00:00:20]} Rc7 {[%clk 00:07:27]} {[%emt 00:00:42]} 86.
Rg6+ {[%clk 00:04:13]} {[%emt 00:00:23]} Kd5 {[%clk 00:07:51]} {[%emt
00:00:08]}  0-1